Geography Quiz

Random Geography or State Quiz

Fix the US Map Quiz Stats

Quiz Updated Oct 6, 2017

Challenge
Share
Tweet
Score 0/25 Timer 05:00
21 Plays Today
% Correct
Mobile
94.7%
Houston
94.6%
Kansas City
93.5%
Little Rock
92.9%
LOUISIANA
92.2%
Indianapolis
91.6%
Salt Lake City
91.5%
ARIZONA
90%
Newark
89.6%
IDAHO
88.5%
KENTUCKY
88.2%
WYOMING
88.2%
IOWA
87.9%
% Correct
Billings
87.9%
Manchester
87.5%
Portland
86.5%
CONNECTICUT
86.4%
NORTH CAROLINA
86.1%
San Diego
85.3%
Virginia Beach
83.2%
PENNSYLVANIA
82.7%
NEBRASKA
78.7%
MISSISSIPPI
72.1%
Fairbanks
59.6%
Syracuse
52%

You're not logged in!

Compare scores with friends on all Sporcle quizzes.
Sign Up with Email
OR
Log In

You Might Also Like...

Show Comments

Extras

Top Quizzes Today


Score Distribution

Your Account Isn't Verified!

In order to create a playlist on Sporcle, you need to verify the email address you used during registration. Go to your Sporcle Settings to finish the process.